| 000 | 00473nam a2200181 a 4500 | ||
|---|---|---|---|
| 001 | 1758452259778 | ||
| 003 | ACL | ||
| 005 | 20250921163104.0 | ||
| 008 | 250921s2009##################000#0#eng## | ||
| 020 | _a9781580422420 | ||
| 082 | 0 | 4 |
_a795.412 _bCAR |
| 100 | 1 |
_aCardoza, Avery, _eauthor. |
|
| 245 | 1 | 0 | _a40th Annual World Series of Poker Offical Guidebook : |
| 260 |
_bCardoza, _c2009. |
||
| 650 | 0 | _aGames & Activities. | |
| 942 | _cENGLISH | ||
| 040 |
_aACL _beng _cACL |
||
| 999 |
_c588598 _d588598 |
||